00891cam a22002651 4500001001300000003000400013005001700017008004100034010001700075035001900092040002800111043001200139050002400151051001800175082001100193100002900204245006100233260002600294300006500320490008100385504002800466650005700494830005700551999001700608gs 51000124 DLC20260227111357.0760812s1951 cau b s001 0 eng  ags 51000124  a(OCoLC)2367426 aDLCcTxEUdWaChenEdDLC an-us-ca00aTN24.C2bA3 no. 157 aQE90.S142bC7 a557.941 aCrittenden, Max D.,cJr.10aGeology of the San Jose-Mount Hamilton area, California. aSan Francisco,c1951. a74 p.billus., plates, 2 fold. col. maps (in pocket)c24 cm.1 aCalifornia. Dept. of Natural Resources. Division of Mines. Bulletin,v157 aBibliography: p. 65-67. 0aGeologyzCaliforniazSan Jose-Mount Hamilton Region. 0aBulletin (California. Division of Mines) ;vno. 157. c28551d28551